| 000 | 00667nam a2200241Ia 4500 | ||
|---|---|---|---|
| 003 | OSt | ||
| 005 | 20230427125145.0 | ||
| 008 | 210423s2013 xx 000 0 und d | ||
| 020 | _a978-81-203-2126-7 | ||
| 040 | _cAL | ||
| 041 | _aeng | ||
| 082 | _a332.6 ALEF | ||
| 100 |
_aALEXANDER (GORDON J);SHARPE (William F);BAILEY (Jeffery V) _994054 |
||
| 245 | _aFundamentals of investments Ed 3 | ||
| 250 | _a3 | ||
| 260 |
_aNew Delhi _bPHI Learning Pvt Ltd _c2013 |
||
| 300 |
_axxxi,781p _bPB |
||
| 365 |
_b450 _cINR |
||
| 650 |
_aEconomics _994055 |
||
| 650 |
_aInvestment Management _994056 |
||
| 906 | _a3 ; Ed ; Fundamentals ; investments | ||
| 942 |
_2ddc _cBK |
||
| 999 |
_c166084 _d166084 |
||